Биотехнология: учебное пособие

Dades bibliogràfiques
Autor principal: Чхенкели В. А. Вера Александровна
Sumari:Рассмотрены основные объекты биотехнологии, способы их создания и совершенствования методами клеточной и генетической инженерии. Даны сведения о промышленном производстве белка, ферментов, аминокислот, ли-пидов, витаминов, полисахаридов, алкалоидов, пробиотических препаратов, антибиотиков, вакцин, сывороток, диагностикумов и т. п. Особое внимание уделено перспективам сочетания методов биосинтеза и органического синтеза при создании новых лекарственных средств. Предназначено для студентов вузов, будет полезно специалистам.
Idioma:rus
Publicat: Санкт-Петербург, Проспект науки, 2014
Matèries:
Format: Llibre
KOHA link:https://koha.lib.tpu.ru/cgi-bin/koha/opac-detail.pl?biblionumber=256208

MARC

LEADER 00000nam0a2200000 4500
001 256208
005 20231101233108.0
010 |a 9785906109064 
035 |a (RuTPU)RU\TPU\book\278858 
090 |a 256208 
100 |a 20140407d2014 m y0rusy50 ca 
101 0 |a rus 
102 |a RU 
105 |a a j 001zy 
200 1 |a Биотехнология  |e учебное пособие  |f В. А. Чхенкели 
210 |a Санкт-Петербург  |c Проспект науки  |d 2014 
215 |a 336 с.  |c ил. 
320 |a Библиогр.: с. 333-335. 
320 |a Словарь терминов и определений: с. 318-332. 
330 |a Рассмотрены основные объекты биотехнологии, способы их создания и совершенствования методами клеточной и генетической инженерии. Даны сведения о промышленном производстве белка, ферментов, аминокислот, ли-пидов, витаминов, полисахаридов, алкалоидов, пробиотических препаратов, антибиотиков, вакцин, сывороток, диагностикумов и т. п. Особое внимание уделено перспективам сочетания методов биосинтеза и органического синтеза при создании новых лекарственных средств. Предназначено для студентов вузов, будет полезно специалистам. 
606 1 |a Биотехнология  |2 stltpush  |3 (RuTPU)RU\TPU\subj\28764  |9 52257 
610 1 |a биотехнологические процессы 
610 1 |a инженерно-техническое обеспечение 
610 1 |a микроорганизмы 
610 1 |a ферментация 
610 1 |a генетика 
610 1 |a наследственность 
610 1 |a мутации 
610 1 |a плазмиды 
610 1 |a хранение 
610 1 |a лиофилизация 
610 1 |a иммобилизованные клетки 
610 1 |a применение 
610 1 |a биотехнологическое производство 
610 1 |a сырье 
610 1 |a белок 
610 1 |a аминокислоты 
610 1 |a ферменты 
610 1 |a получение 
610 1 |a антибиотики 
610 1 |a пробиотические препараты 
610 1 |a животные 
610 1 |a птицы 
610 1 |a дисбактериозы 
610 1 |a витамины 
610 1 |a полисахариды 
610 1 |a липиды 
610 1 |a гиббереллины 
610 1 |a алкалоиды 
610 1 |a вакцины 
610 1 |a сыворотки 
610 1 |a диагностические препараты 
610 1 |a бактериофаги 
610 1 |a лекарственные средства 
610 1 |a экологическая биотехнология 
610 1 |a GMP 
610 1 |a учебные пособия 
675 |a 60(075.8)  |v 3 
700 1 |a Чхенкели  |b В. А.  |g Вера Александровна 
801 1 |a RU  |b 63413507  |c 20140407 
801 2 |a RU  |b 63413507  |c 20191028  |g RCR 
900 |a Биотехнология 
900 |a Биотехнические системы медицинского назначения 
942 |c BK 
953 |b 111100  |b 111801  |l 8 
959 |a 62/20140407  |d 7  |e 820,00  |f ЧЗТЛ:1  |f АНЛ:1  |f УФ:5 
959 |a 9/20190903  |d 1  |e 920,00  |f УФ:1